L'economie du XX siècle
Сохранить в:
| Главный автор: | |
|---|---|
| Формат: | |
| Язык: | французский |
| Опубликовано: |
París
Universitaires de France
1964
|
| Редактирование: | 2a. ed |
| Серии: | Ciencia y economía
|
| Предметы: | |
| Метки: |
Добавить метку
Нет меток, Требуется 1-ая метка записи!
|
MARC
| LEADER | 00000nam a2200000 a 4500 | ||
|---|---|---|---|
| 001 | UCT8141 | ||
| 003 | CL-VaPUC | ||
| 008 | 970317e19640000FR |||||||||||||||||fre|d | ||
| 082 | 0 | 4 | |a 330 |b PER |2 21 |
| 100 | 0 | |a Perroux, Francois |e author |9 379658 | |
| 245 | 1 | 2 | |a L'economie du XX siècle |
| 250 | |a 2a. ed | ||
| 300 | |a 692 p | ||
| 942 | |c BK | ||
| 945 | |d 19970317 00:00:00 |a lriquelm | ||
| 260 | |a París |b Universitaires de France |c 1964 | ||
| 650 | 7 | |a HISTORIA DE LA ECONOMIA SIGLO 20 |2 CL-VaPUC |9 379659 | |
| 583 | |a last modification |c 20160912 10:40:41 |k Rodrigo Vera | ||
| 490 | 0 | |a Ciencia y economía | |
| 999 | |c 256672 |d 256670 | ||
| 952 | |0 0 |1 0 |4 0 |6 330_000000000000000_PER_1964 |7 0 |8 A |9 279528 |a BIBDER |b BIBDER |d 2019-11-19 |i 1814435 |o 330 PER 1964 |p 1814435 |r 2023-01-25 |w 2019-11-19 |y BK |k DER | ||